ปืนใหญ่ที่โปรดเกล้าฯ ให้สร้างในสมัยรัชกาลที่ 1 (ระเบียนเลขที่ 3071)
| 000 -LEADER | |
|---|---|
| fixed length control field | 00708nam a22001937a 4500 |
| 005 - DATE AND TIME OF LATEST TRANSACTION | |
| control field | 20210325174055.0 |
| 008 - FIXED-LENGTH DATA ELEMENTS--GENERAL INFORMATION | |
| fixed length control field | s2526 th tha d |
| 041 ## - LANGUAGE CODE | |
| Language code of text/sound track or separate title | tha |
| 050 ## - LIBRARY OF CONGRESS CALL NUMBER | |
| Classification number | UF113 ท9ส64 |
| 100 0# - MAIN ENTRY--PERSONAL NAME | |
| Personal name | สำราญ วังศพ่าห์ |
| 245 10 - TITLE STATEMENT | |
| Title | ปืนใหญ่ที่โปรดเกล้าฯ ให้สร้างในสมัยรัชกาลที่ 1 |
| 260 3# - PUBLICATION, DISTRIBUTION, ETC. | |
| Place of publication, distribution, etc. | กรุงเทพฯ : |
| Name of publisher, distributor, etc. | ราชบัณฑิตยสถาน, |
| Date of publication, distribution, etc. | 2526 |
| 300 ## - PHYSICAL DESCRIPTION | |
| Extent | 30 หน้า : |
| Other physical details | ภาพประกอบ, ตาราง |
| 650 04 - SUBJECT ADDED ENTRY--TOPICAL TERM | |
| Topical term or geographic name entry element | ปืนใหญ่ |
| 850 ## - HOLDING INSTITUTION | |
| Holding institution | NALT |
| 942 ## - ADDED ENTRY ELEMENTS (KOHA) | |
| Koha item type | General Book |
| 997 ## - | |
| -- | 000000000003071 |
| 998 ## - LOCAL CONTROL INFORMATION (RLIN) | |
| -- | SOPAPORN |
| Withdrawn status | Lost status | Damaged status | Not for loan | Collection code | Home library | Current library | Total Checkouts | Full call number | Barcode | Date last seen | Price effective from | Koha item type |
|---|---|---|---|---|---|---|---|---|---|---|---|---|
| General Book collection | National Assembly Library of Thailand | National Assembly Library of Thailand | UF 113 ท9ส64 | 3961110463 | 09/06/2017 | 09/06/2017 | General Book |
